| 000 | 01212cab a22002415a 4500 | ||
|---|---|---|---|
| 001 | L147657 | ||
| 008 | 090603s2009 xxk f 000 0 eng d | ||
| 035 | _a(Sirsi) u147657 | ||
| 041 | 0 | _aeng | |
| 100 | 1 | _aPackman, Claire | |
| 245 | 0 | 0 | _aTooling up |
| 260 | _c2009 | ||
| 490 |
_aSolicitors Journal _vGuide to the Bar, May 2009, 23-24(2) |
||
| 520 | _aExplains the proposed changes to the Housing Grants Construction and Regeneration Act 1996. Describes how the government published and invited comments on a draft Construction Contracts Bill in July 2008 and how the bolder provisions of this Bill were dropped. This has left only limited changes for the adjudication process but more fundamental reform for payment mechanisms in construction contracts. | ||
| 590 | _aKA | ||
| 650 | 2 | 4 | _aHOUSING GRANTS, CONSTRUCTION AND REGENERATION ACT 1996 |
| 650 | 2 | 4 | _aCONSTRUCTION ACT 2009 |
| 651 | 4 |
_aEngland and Wales _y1543- |
|
| 690 | _aBUILT ENVIRONMENT-CONSTRUCTION MANAGEMENT-BUILDING CONTRACT ADMINISTRATION | ||
| 690 | _aMANAGEMENT-DISPUTE AVOIDANCE, MANAGEMENT AND RESOLUTION-DISPUTE MANAGEMENT AND RESOLUTION-ALTERNATIVE DISPUTE RESOLUTION-ADJUDICATION | ||
| 700 | 1 | _aGillies, Jennie | |
| 942 | _n0 | ||
| 999 |
_c81602 _d81602 |
||